Carnet de voyage : province de Barcelone : offres uniques et expériences inoubliables province de Barcelone :
Descripción Física:
27 p. : il. col. ; 24 cm
MARC
| LEADER | 00000nam a2200000Ia 4500 | ||
|---|---|---|---|
| 001 | 23888 | ||
| 008 | 160829s2014 xx 000 0 cat d | ||
| 080 | |a FU-63-4 | ||
| 245 | |a Carnet de voyage : |b province de Barcelone : |b offres uniques et expériences inoubliables | ||
| 260 | |a Barcelona : |b Diputació de Barcelona, |c 2014 | ||
| 300 | |a 27 p. : |b il. col. ; |c 24 cm | ||
| 590 | |a Text en francès. Hi ha un altre exemplar en anglès amb R. 23726, en castellà amb R. 23728 i en català amb R. 23879 | ||
| 651 | 0 | |a Barcelona (Catalunya : Província) |x Descripcions i viatges |9 52924 | |
| 710 | 1 | |a Barcelona (Catalunya : Província). |b Diputació |9 52408 | |
| 901 | |a Arxiu | ||
| 942 | |n 1 | ||
| 952 | |0 0 |1 0 |4 0 |6 FU634 |7 1 |9 55390 |a Arxiu |b Arxiu |d 2016-12-01 |l 0 |o FU-63-4 |p 23888 |r 2016-12-01 00:00:00 |w 2016-12-01 |y ARXIU | ||
| 999 | |c 59263 |d 59263 | ||